00273nam a2200097 4500082001200000100003700012245005400049260002500103300000900128650003800137 a661 MAN aManual of Chemical Industries... aManual of Chemical Industries in Sri Lanka Part 1 aIchemcbUnescoc1986 a267p amanual,chemical industries,ichemc